000 00391nam a2200157Ia 4500
008 230711s9999||||xx |||||||||||||| ||und||
041 _aENG
082 _a720
_bGI-M
100 _aGill,Rajdeep Singh
245 4 _aThe Maharaja Ranjit Singh port phillov 200 years
250 _a1st
260 _c2009
_aPhilor
_bPunjab Police Aceadmay
300 _a216
650 _aLiterature
942 _cBK
999 _c5275
_d5275